MDQL
is popping MORE tags! Check the
thread
!
Quizzes
Events
Quiz Creation
Community
Videos
Private Events
Remove Ads
Sign In
Join for FREE
Feedback
Dark Mode
Quiz Categories
Sports
Geography
Music
Movies
Television
Just For Fun
Miscellaneous
History
Literature
Language
Science
Gaming
Entertainment
Religion
Holiday
For Kids
Quiz Lab
Recent
Popular Today
Quiz Kudos Today
Editor Picks
Curator Picks
Quizzes by...
Day
Popularity
Type
Ratings
Length
Year
Community
Subscriptions
Recent Discussions
Orange Saloon
Badges
Playlists
Quests
Create
Leaderboards
Showdown
Live 5
Trivia Bingo
Activity
Puzzle Library
Sporcle Events
Private Events
Virtual Trivia
Globe League
Become a Host
Pub Owners
SporcleCon
Opinionation
Our Games
Videos
Blog
Mobile Apps
Partnerships
Remove Ads and Go Orange
Feedback
Music
Pop Music
The Beatles
Song
Album
Lyrics
Bands
Singers
Artist
Clip
Rock
Rap
Classical
Billboard
Country Music
Kpop
Taylor Swift
Music
Pop Music
The Beatles
Song
Album
Lyrics
Bands
Singers
Artist
Clip
Rock
Rap
Classical
Billboard
Country Music
Kpop
Taylor Swift
Random Quiz
Search Sporcle
×
Quiz Lab
Quiz Lab
Music
Disney
Type in answers that appear in a list
Type in answers that appear in a list
Classic
Best Score? Go Orange.
Figure Out the Disney Lyrics XXIV Stats
Can you name the Figure Out the Disney Lyrics XXIV
By
hbaker
10m
146 Questions
1,853 Plays
1,853 Plays
1,853 Plays
Comments
Comments
Give Quiz Kudos
Give Quiz Kudos
-
- Ratings
hide this ad
Replay
Link that replays current quiz
Next Quiz
Link to next quiz in quiz playlist
You Got
0%
They Got
Avg Score
44%
Avg Friend Score
Upgrade to see
Score Distribution
Jump to the score distribution portion of the page
Score
0/146
Timer
10:00
0
Plays Today
Answer
% Correct
a
96.7%
a
96.7%
a
96.7%
a
96.7%
the
95.4%
the
95.4%
the
95.4%
the
95.4%
The
95.4%
the
95.4%
the
95.4%
the
95.4%
the
95.4%
the
95.4%
the
95.4%
the
95.4%
you
88.8%
you
88.8%
you.
88.8%
you
88.8%
you
88.8%
you!
88.8%
be
83.1%
and
81.8%
and
81.8%
and
81.8%
he
81%
it
79.5%
it,
79.5%
to
78.9%
to
78.9%
to
78.9%
is
78.3%
In
77.7%
do.
75.3%
she
70.5%
she
70.5%
she
70.5%
what
70%
so
68.7%
of
67.5%
of
67.5%
her
66.3%
her
66.3%
her
66.3%
her
66.3%
they
64.8%
if
63.5%
see
63.4%
Answer
% Correct
that
61.5%
are
60.1%
are
60.1%
are
60.1%
are
60.1%
my
58.8%
know
56.9%
can't
56.3%
as
53.7%
from
51.6%
All
48.7%
All
48.7%
Saint
45.2%
look
43.3%
them
40.9%
you'll
38.4%
time
38.4%
way
37.7%
day
36%
down
35%
Come
33.9%
Come
33.9%
She's
31.1%
That's
27.6%
show
27.4%
takes
26.5%
Though
26.4%
little
26.4%
little
26.4%
people
24%
around
23.7%
care,
22.6%
woman
22.1%
old
22%
own
21.8%
someone
21%
bird
20.8%
feed
20.2%
Feed
20.2%
Feed
20.2%
Feed
20.2%
birds;
19.8%
birds,
19.8%
birds!
19.8%
birds
19.8%
birds,
19.8%
each
19.2%
each
19.2%
bag.
18.9%
Answer
% Correct
bag.
18.9%
bag.
18.9%
bag.
18.9%
tuppence
18.5%
tuppence
18.5%
Tuppence,
18.5%
tuppence,
18.5%
tuppence
18.5%
tuppence
18.5%
Tuppence,
18.5%
tuppence,
18.5%
tuppence
18.5%
listen--
18.3%
listen!
18.3%
Paul's
17.8%
bare.
17.8%
glad
17.5%
special
17.4%
steps
17.3%
ones
17%
comes.
17%
while
16.8%
calls:
16.4%
buy
15.8%
calling
15.7%
words
15.6%
full
15.2%
young
15.2%
few,
15.1%
Although
14.9%
cries
14.9%
Early
14.8%
cathedral
14.5%
shows
14.5%
hungry;
14.4%
cares.
14.3%
crumbs.
14.1%
simple
14.1%
smiling
14%
skies.
14%
saints
13.9%
bags
13.8%
wares.
13.5%
sells
13.3%
apostles
13.2%
nests
12.8%
fill
12.7%
overhead
11.6%
Quiz Playlist
Details
Report
Send in Message
Add To Playlist
Classic:
Type in answers that appear in a list
Last Updated: Feb 16, 2017
Quiz Scoreboard
CHALLENGE
Sign Up to Join the Scoreboard
Show All
Scores
Hide
Comments
May contain spoilers
Recently Published
5x2 Blitz: Bands
by SL_Kpop136
Music
30s
Colored Red Africa Blitz
by spor1
Geography
30s
Find the 'City' Movie
by crazypaving
Movies
60s
More to Explore
Quiz From the Vault
Featured Blog Post
14 Easter Pick-up Lines to Find Eggs With
hide this ad
You Might Also Like...
Tags
Disney Quiz
Lyrics Quiz
Classic Disney
Disney Lyrics
Disney Songs
Figure Out the Lyrics
Today's Top Quizzes in Music
Browse Music
hide this ad
Today's Top Quizzes in Disney
Browse Disney
Top Contributed Quizzes in Music
1
5X2 Blitz: Bands II
2
5X2 Blitz: The Beatles
3
Taylor Swift All Songs (2024)
4
5X2 Blitz: Billboard
5
Taylor Swift Logic Puzzle II
6
5X2 Blitz: Billboard II
7
Taylor Swift Logic Puzzle
8
5X2 Blitz: Rock
9
5X2 Blitz: Singers
10
5X2 Blitz: Album
Explore More
Trending Topics
NBA
Kpop
Harry Potter
Anime
Crossword
Marvel
Disney
Puzzle
Song
Pokémon
Country
WWE
The Office
NFL
Soccer
hide this ad
More By:
hbaker
Quiz
Plays
Rating
Category
Featured
Created
Figure Out the Disney Lyrics XXIV
1,853
5.00
Music
Jan 29, 2015
Rhymes with Boot
1,480
3.94
Language
Jan 17, 2015
Figure Out the Lyrics XXIV
117
5.00
Music
Jan 24, 2015
Weird Al's Parodies
101
3.00
Music
Jul 1, 2010
Students in Mrs. Jewls' classroom
96
3.80
Literature
Aug 23, 2010
Go to Creator's Profile
Score Distribution
Quiz Creator Spotlight
hbaker
Follow
Send a Message
Quizzes Created
-
Created Quiz Play Count
-
More By This Creator
Popular Quizzes Today
1
Colored Red Africa Blitz
2
Find the 'City' Movie
3
5x2 Blitz: Bands
4
Find the US States - No Outlines Minefield
5
The Countries of the World
6
Find the US States
7
US States
8
Find the Countries of Europe - No Outlines Minefield
More Music Quizzes
Find the 'California' Artist
Published
Trending Quizzes
Colored Red Europe Blitz I
Colored Red Europe Blitz II
Colored Red Africa Blitz II
Colored Red Europe Blitz III
Colored Red Africa Blitz III
Recently Updated
How Do You Spell That?
pecheneg
Godzilla Movies
pecheneg
Grab Bag: 4-10 Letters
pecheneg
2024 March Madness Bracket
pecheneg
Famous TV Couples
Peacemaker
Champions League XIs: Real Madrid
pecheneg
Largest US Cities 1790-2010
pecheneg
Rides in Walt Disney World
pecheneg
Most Oscar Losses (Acting)
pecheneg
Beyoncé Albums
pecheneg
Trending Topics
Crossword
NBA
Kpop
Harry Potter
Anime
Marvel
Disney
Puzzle
Pokémon
Country
Song
The Office
NFL
Soccer
WWE
Your Account Isn't Verified!
In order to create a playlist on Sporcle, you need to verify the email address you used during registration. Go to your
Sporcle Settings
to finish the process.
Report this User
Report this user for behavior that violates our
Community Guidelines
.
Details:
Send Report
Go to the Sporcle.com Mobile Site →
Comments